Wszystkie mecze reprezentacji Polski za kadencji Wójcika - Statystyki

Ogólne statystyki
  • Ten quiz został rozwiązany 34 razy
  • Średni wynik to 17 z 26
Statystyki odpowiedzi
Rozgrywki Wynik Reprezentacja % Poprawnych
Eliminacje do ME 1:3 Anglia
93%
Eliminacje do ME 0:0 Anglia
93%
Eliminacje do ME 0:1 Szwecja
93%
Eliminacje do ME 0:2 Szwecja
93%
Mecz towarzyski 3:1 Rosja
90%
Mecz towarzyski 3:1 Słowacja
87%
Mecz towarzyski 2:1 Czechy
80%
Mecz towarzyski 1:2 Hiszpania
70%
Mecz towarzyski 2:0 Litwa
70%
Eliminacje do ME 3:0 Bułgaria
67%
Eliminacje do ME 2:0 Bułgaria
67%
Mecz towarzyski 1:1 Finlandia
67%
Mecz towarzyski 2:1 Ukraina
67%
Mecz towarzyski 1:4 Chorwacja
57%
Eliminacje do MŚ 0:3 Gruzja
57%
Eliminacje do ME 3:0 Luksemburg
57%
Eliminacje do ME 3:2 Luksemburg
57%
Eliminacje do MŚ 3:0 Mołdawia
57%
Mecz towarzyski 2:0 Słowenia
57%
Mecz towarzyski 1:0 Węgry
57%
Mecz towarzyski 1:0 Armenia
53%
Mecz towarzyski 0:2 Izrael
43%
Mecz towarzyski 2:0 Izrael
43%
Puchar Króla Tajlandii 0:0 (k. 5:4) Nowa Zelandia
43%
Mecz towarzyski 1:0 Malta
30%
Mecz towarzyski 0:4 Paragwaj
30%
Nie znaleziono quizów pasujących do podanych kryteriów
Rozkład punktacji
Procent ludzi z każdym wynikiem
Percentyl według liczby udzielonych odpowiedzi
Twoja historia wyników
Nie rozwiązałeś tego quizu